Wastewater engineering : treatment, disposal, and reuse (Record no. 71620)

000 -LEADER
fixed length control field 00786nam a22002177a 4500
003 - CONTROL NUMBER IDENTIFIER
control field NUST - PNEC
005 - DATE AND TIME OF LATEST TRANSACTION
control field 20170116181205.0
008 - FIXED-LENGTH DATA ELEMENTS--GENERAL INFORMATION
fixed length control field 160309b xxu||||| |||| 00| 0 eng d
020 ## - INTERNATIONAL STANDARD BOOK NUMBER
International Standard Book Number 0070416907
020 ## - INTERNATIONAL STANDARD BOOK NUMBER
International Standard Book Number 0071008241
040 ## - CATALOGING SOURCE
Transcribing agency LIBRARY
082 ## - DEWEY DECIMAL CLASSIFICATION NUMBER
Classification number 628.2 EDD
100 ## - MAIN ENTRY--PERSONAL NAME
9 (RLIN) 16743
Personal name Eddy, Metcalf
245 ## - TITLE STATEMENT
Title Wastewater engineering : treatment, disposal, and reuse
Statement of responsibility, etc. Metcalf & Eddy
250 ## - EDITION STATEMENT
Edition statement Third Edition
260 ## - PUBLICATION, DISTRIBUTION, ETC.
Place of publication, distribution, etc. New York
Name of publisher, distributor, etc. McGraw-Hill, Inc.
Date of publication, distribution, etc. c.1991
300 ## - PHYSICAL DESCRIPTION
Extent 1334 p. :
650 ## - SUBJECT ADDED ENTRY--TOPICAL TERM
9 (RLIN) 16744
Topical term or geographic name entry element Sewage disposal
General subdivision ME
856 ## - ELECTRONIC LOCATION AND ACCESS
Uniform Resource Identifier <a href="http://www.amazon.com/Wastewater-Engineering-Treatment-Disposal-Reuse/dp/0070416907/ref=sr_1_3?s=books&ie=UTF8&qid=1457509822&sr=1-3&keywords=Wastewater+engineering+%3A+treatment%2C+disposal%2C+and+reuse">http://www.amazon.com/Wastewater-Engineering-Treatment-Disposal-Reuse/dp/0070416907/ref=sr_1_3?s=books&ie=UTF8&qid=1457509822&sr=1-3&keywords=Wastewater+engineering+%3A+treatment%2C+disposal%2C+and+reuse</a>
942 ## - ADDED ENTRY ELEMENTS (KOHA)
Source of classification or shelving scheme
Koha item type Book
Holdings
Withdrawn status Lost status Source of classification or shelving scheme Damaged status Not for loan Permanent Location Current Location Shelving location Date acquired Source of acquisition Cost, normal purchase price Total Checkouts Full call number Barcode Date last seen Cost, replacement price Price effective from Koha item type
          Pakistan Navy Engineering College (PNEC) Pakistan Navy Engineering College (PNEC)     Donated 0.00   628.2 EDD PNECLIB-032757 03/09/2016 0.00   Book
© 2023 Central Library, National University of Sciences and Technology. All Rights Reserved.